Normal view MARC view
  • Khan, Areej Sohail

Entry Personal Name

Number of records used in: 1

001 - CONTROL NUMBER

  • control field: 122569

003 - CONTROL NUMBER IDENTIFIER

  • control field: NUST

005 - DATE AND TIME OF LATEST TRANSACTION

  • control field: 20240510112712.0

008 - FIXED-LENGTH DATA ELEMENTS

  • fixed length control field: 240510|| aca||aabn | a|a d

040 ## - CATALOGING SOURCE

  • Original cataloging agency: NUST
  • Transcribing agency: NUST

100 ## - HEADING--PERSONAL NAME

  • Personal name: Khan, Areej Sohail

670 ## - SOURCE DATA FOUND

  • Source citation: Work cat.: (NUST): Khan, Areej Sohail , COVID-19 (6LU7) predictive binding association with Aβ oligomers and possible link to Alzheimer's disease /
© 2023 Central Library, National University of Sciences and Technology. All Rights Reserved.